00964nam a2200217 a 450000100100000000500170001000800410002702000150006804000250008308200170010810000370012524500650016226000760022730000210030350000630032450400730038750400330046095201150049395201210060899900170072900004091720201002034457.0130911s1997 pr 000 0 spa d a086581497X aDO-SdBNPbspacBNPHU axxxxxbxxxxx1 aMoscoso, Franciscod1949-95460110aLucha agraria en Puerto Rico 1541-1545 /cFrancisco Moscoso. aSan Juan, Puerto Rico, :bInstituto de cultura puertorriqueña,c1997. a245 p. ;c20 cm. aIncluye datos biográficos del autor en la contracubierta aIncluye referencias bibliográficas y notas al pie de las páginas aBibliografías : p. 234-246 001050718MOaGRbGRcHDd2013-09-11iLF1l0oxxxxx xxxxxp40917-10r2020-06-25w2020-06-25y1ZNo se presta 001150718MOaGRbGRcMId2013-09-11iLF1l0oxxxxx xxxxxp40917-20r2020-06-25te. 2w2020-06-25y1ZNo se presta c40407d40407